| 000 | 00000nam##2200000za#4500 |
| 001 | 9.602842 |
| 003 | CaOODSP |
| 005 | 20240212134142 |
| 007 | cr ||||||||||| |
| 008 | 150406|1996||||xxc|||||o f|0| 0 fre|d |
| 040 | |aCaOODSP|bfre |
| 043 | |an-cn--- |
| 086 | 1 |aNE22-1/1996-4F-PDF |
| 110 | 1 |aCanada. |bOffice national de l'énergie. |
| 245 | 10|aMotifs de décision relativement à Express Pipeline Ltd. : |h[ressource électronique]|bdemande datée du 8 juin 1995, dans sa version modifiée, visant le projet Express Pipeline |
| 246 | 1 |iTitre de renvoi : |aExpress Pipeline Ltd. |
| 260 | |aCalgary - Alberta : |bOffice national de l'énergie |cJuin 1996. |
| 300 | |a82p.|bfigure, cartes, tableaux |
| 490 | 1 |aMotifs de décision|vOH-1-95 |
| 500 | |a« Les résultats de l'examen effectué par la Commission pour évaluer les effets environnementaux pouvant résulter du projet sont détaillés dans un rapport distinct de la Commission, qui a paru le 21 mai 1996. »--p.12 de 82. Voir (NE22-1/1996-4-2F-PDF). Le nº de catalogue (NE22-1/1996-4F) et l'ISBN (0-662-80940-8) de l'édition imprimée ont été incorrectement copiés dans cette édition électronique. |
| 590 | |a12-07-Supp|b2012-03-09 |
| 775 | 08|tReasons for decision in the matter of Express Pipeline Ltd. : |w(CaOODSP)9.572496 |
| 776 | 0#|tRelativement à Express Pipeline Ltd. : |w(CaOODSP)9.623797 |
| 830 | #0|aMotifs de décision (Canada. Office national de l'énergie)|vOH-1-95|w(CaOODSP)9.500899 |
| 856 | 40|ahttp://publications.gc.ca|qPDF|s723 Ko|uhttps://publications.gc.ca/collections/Collection/NE22-1-1996-4F.pdf|yOH-1-95 |